Occupancy estimation and modeling : (Registro nro. 8097)

Detalles MARC
000 -CABECERA
Campo de control 00705nam a22001937a 4500
005 - FECHA Y HORA DE LA ULTIMA TRANSACCION
Campo de control 20151212020002.0
008 - ELEMENTOS DE LONGITUD FIJA—INFORMACION GENERAL
Campo de control 140117b2006 ne il. | |||| 00| 0 spa d
020 ## - ISBN
ISBN 9780120887668
041 ## - IDIOMA
Código de idioma para texto/pista de sonido o título separado Inglés
082 00 - NUMERO DE CLASIFICACION DECIMAL DEWEY
Número de clasificación 591.7
Número del ítem M47o
245 00 - MENCION DE TITULO
Título Occupancy estimation and modeling :
Parte restante del título inferring patterns and dynamics of species /
Mención de responsabilidad Darryl I. MacKenzie ... [et al].
260 ## - PUBLICACION, DISTRIBUCION, ETC. (PIE DE IMPRENTA)
Lugar de publicación, distribución, etc. Amsterdam
-- Boston
Nombre del editor, distribuidor, etc. Elsevier
Fecha de publicación, distribución, etc. c2006
300 ## - DESCRIPCION FISICA
Extensión xviii, 324 p.
Otros detalles físicos il., mapas
Dimensiones 24 cm.
504 ## - NOTA DE BIBLIOGRAFIA, ETC.
Nota de bibliografía Incluye referencias bibliográficas (p. 293-312).
650 #0 - ASIENTO SECUNDARIO DE MATERIA - TERMINO TEMATICO
Término temático o nombre geográfico como elemento de entrada Animal populations
Subdivisión general Estimates.
650 #0 - ASIENTO SECUNDARIO DE MATERIA - TERMINO TEMATICO
Término temático o nombre geográfico como elemento de entrada Animal populations
Subdivisión general Mathematical models.
700 1# - ASIENTO SECUNDARIO - NOMBRE PERSONAL
Nombre personal MacKenzie, Darryl I.
942 ## - ELEMENTOS ADICIONALES (KOHA)
Sistema de clasificación Dewey Decimal Classification
Tipo de ítem Impreso
Koha issues (borrowed), all copies 1
Existencias
Withdrawn status Lost status Sistema de Clasificación Damaged status No para préstamo Colección Inventariado Ubicación Permanente Ubicación actual Fecha de adquisición Fuente de Valor Valor Total Checkouts Total Renewals Número topográfico Inventario / Código de Barras Date last seen Date checked out Ejemplar Price effective from Forma de adquisición Tipo de material
    Dewey Decimal Classification     General Inventariado 2017 Bogotá Bogotá 17/01/2014 Instituto 39000.00 1 1 LB-591.7 M47o 059668 04/12/2018 11/12/2015 Ej. 1 17/01/2014   Libro